| 000 | 00880nas a2200289 4500 | ||
|---|---|---|---|
| 001 | BR0704176 | ||
| 003 | BR-BrBNA | ||
| 005 | 20231205111100.0 | ||
| 007 | ta | ||
| 008 | 230509b bl.|||p| |||| 00| 00por d | ||
| 040 |
_aBR-BrBNA _bpor _cBiblioteca Nacional de Agricultura |
||
| 041 | _a(Pt) | ||
| 072 | _aF01 | ||
| 100 | 1 | _aMacedo, F.B. | |
| 100 | 1 | _aTeixeira, N.T. | |
| 100 | 1 | _aLopes, F.E. | |
| 100 | 1 | _aTeixeira, L. | |
| 100 | 1 | _aSighihara, R. | |
| 100 | 1 | _aOliveira, R. | |
| 245 | 1 | _aFitorregulador, produção e conteúdos de clorofila nas folhas em feijoeiro (Phaseolus vulgaris L.)cv IAPAR - pérola | |
| 650 | _aREGULADOR DE CRESCIMENTO | ||
| 650 | _aFEIJÃO | ||
| 650 | _aCLOROFILA | ||
| 773 | 0 |
_tEcossistema (Brazil) _xISSN 0100-4107 _g(Jan-Dec 2002), v. 27(1-2) p. 83-86 _wBR0704176 |
|
| 909 |
_a202311 _bLúcia _c55 _dLúcia Elande |
||
| 942 |
_2AGRIS _n0 _cANA |
||
| 999 |
_c190541 _d190541 |
||